000 00289nam a22001217a 4500
003 OSt
008 250109b |||||||| |||| 00| 0 eng d
041 _aeng
100 _aSharma, SD
_96910
245 _aComplete Solution to Basic Mathematics
260 _aMeerut,
_bAS Prakashan
942 _cBK
999 _c19003
_d19003